| 000 | 00998nac a22003137a 4500 | ||
|---|---|---|---|
| 001 | BR8006638 | ||
| 003 | BR-BrBNA | ||
| 005 | 20240105114829.0 | ||
| 008 | 230509b bl.|||m| |||| 00| 0 por d | ||
| 040 |
_aBR-BrBNA _bpor _cBiblioteca Nacional de Agricultura |
||
| 072 | _aQ10 | ||
| 090 | _a9000 BR8006638 | ||
| 100 | 1 | _aRossi, S.J. | |
| 100 | 1 | _aRoa, G. | |
| 110 | 1 |
_aAcademia de Ciencias do Estado de Sao Paulo, Sao Paulo (Brasil) _917 |
|
| 245 | 1 | _aSecagem e armazenamento de produtos agropecuarios com uso de energia solar e ar natural | |
| 260 | 3 |
_aSao Paulo, SP (Brasil): _c1980. |
|
| 300 | _a295 p. | ||
| 490 |
_aPublicacao ACIESP (Brazil) _vno. 22 _x |
||
| 500 | _a30 tables; 193 graphs; Bibliography p. 291-295 (87 ref.) | ||
| 650 | _aALIMENTO | ||
| 650 | _aPRODUTO AGRICOLA | ||
| 650 | _aSECAGEM | ||
| 650 | _aARMAZENAMENTO | ||
| 650 | _aENERGIA SOLAR | ||
| 650 | _aPRESERVACAO DE ALIMENTO | ||
| 909 |
_a202312 _bLúcia Elande _c55 _dLúcia Elande |
||
| 942 |
_2AGRIS _n0 _cMS |
||
| 999 |
_c271554 _d271554 |
||